Histoire de la Gaule sous la domination romaine / (Record no. 166245)

MARC details
000 -LEADER
campo de control de longitud fija 00723nam a22002175i 4500
001 - NÚMERO DE CONTROL
campo de control 166245
003 - IDENTIFICADOR DE NÚMERO DE CONTROL
campo de control ES-MaACL
005 - FECHA Y HORA DE LA ÚLTIMA TRANSACCIÓN
campo de control 20250808063158.0
008 - DATOS DE LONGITUD FIJA--INFORMACIÓN GENERAL
campo de control de longitud fija 011022s1879 fr |||| | fre d
040 ## - FUENTE DE CATALOGACIÓN
Centro catalogador/agencia de origen CAM
Lengua de catalogación spa
Centro/agencia transcriptor CAM
100 1# - ENTRADA PRINCIPAL--NOMBRE DE PERSONA
Nombre de persona Thierry, Amédée.
9 (RLIN) 133215
245 10 - MENCIÓN DEL TÍTULO
Título Histoire de la Gaule sous la domination romaine /
Mención de responsabilidad, etc. par Amédée Thierry.
250 ## - MENCION DE EDICION
Mención de edición 5em.ed.
260 ## - PUBLICACIÓN, DISTRIBUCIÓN, ETC.
Lugar de publicación, distribución, etc. Paris :
Nombre del editor, distribuidor, etc. Didier et C\pie\s,
Fecha de publicación, distribución, etc. 1879 (
Fabricante imp. J. Claye)
300 ## - DESCRIPCIÓN FÍSICA
Extensión 2 v. (XXV, 448; 447 p.) ;
Dimensiones 29 cm.
490 1# - MENCIÓN DE SERIE
Mención de serie Ouvrages de Amédée Thierry
651 #4 - PUNTO DE ACCESO ADICIONAL DE MATERIA--NOMBRE GEOGRÁFICO
Nombre geográfico Francia-
Subdivisión general Historia
9 (RLIN) 8679
830 0# - PUNTO DE ACCESO ADICIONAL DE SERIE-TÍTULO UNIFORME
Título uniforme Ouvrages de Amédée Thierry
9 (RLIN) 222535
852 ## - LOCALIZACIÓN
Ubicación ES-MaACL
Número de control de estantería F-6774-75
Nota libre -- Enc. hol.
Holdings
Estatus retirado Estado de pérdida Estado de daño No para préstamo Colección Biblioteca de origen Biblioteca actual Ubicación en estantería Fecha de adquisición Total de préstamos Signatura topográfica completa Código de barras Visto por última vez Precio de reemplazo Tipo de ítem Koha
        Libros del s. XIX Biblioteca del Ateneo de Madrid Biblioteca del Ateneo de Madrid Depósito 2 17/01/2008   F-6774-75 1174346 23/02/2023 23/02/2023 Libro impreso antiguo